000
00318nam a2200121Ia 4500
008
241015s9999 xx 000 0 und d
041
_a
eng
082
_a
657.3 NAR
100
_a
Narasimhan
245
_a
Financial Statements And Analysis
260
_b
Cengage Learning India
_a
Australia
_c
2024
300
_a
284;. P. 24 cm
999
_c
41777
_d
41777